Cuentos nuevos
Na minha lista:
| Autor principal: | |
|---|---|
| Formato: | Livro |
| Idioma: | espanhol |
| Publicado em: |
Madrid
V. Prieto y Cía
1910
|
| Edição: | 1a. ed |
| coleção: | Obras completas, 10
|
| Assuntos: | |
| Tags: |
Adicionar Tag
Sem tags, seja o primeiro a adicionar uma tag!
|
MARC
| LEADER | 00000nam a2200000 a 4500 | ||
|---|---|---|---|
| 001 | UCJ3541 | ||
| 003 | CL-VaPUC | ||
| 008 | 070124e19100000SP |||||||||||||||||spa|d | ||
| 082 | 0 | 4 | |a 863 |b PAR |2 21 |
| 100 | |a Pardo Bazán, Emilia |e autora |9 319277 | ||
| 245 | 1 | 0 | |a Cuentos nuevos |
| 246 | 1 | 3 | |a La Noche buena en el infierno |
| 246 | 1 | 0 | |a Vida Nueva |
| 246 | 1 | 3 | |a La calavera |
| 246 | 1 | 0 | |a Agravante |
| 246 | 1 | 0 | |a Evocación |
| 246 | 1 | 0 | |a Cuatro socialistas |
| 246 | 1 | 0 | |a Coleccionista |
| 250 | |a 1a. ed | ||
| 300 | |a 332 p | ||
| 942 | |c BK | ||
| 945 | |d 20070124 00:00:00 |a rinostro | ||
| 260 | |a Madrid |b V. Prieto y Cía |c 1910 | ||
| 650 | 7 | |a CUENTO ESPAÑOL |2 CL-VaPUC |9 317156 | |
| 583 | |a last modification |c 20070124 00:00:00 |k Rodrigo Vera | ||
| 490 | 0 | |a Obras completas, 10 | |
| 999 | |c 319663 |d 319661 | ||
| 952 | |0 0 |1 0 |4 0 |6 863_000000000000000_PAR_1910 |7 0 |8 X |9 398024 |a FDOBUD |b FDOBUD |d 2019-11-22 |i 1005235 |o 863 PAR 1910 |p 1005235 |r 2019-11-22 |w 2019-11-22 |y BK_X |k BUD | ||